00834nam a2200253 a 4500001001300000003000900013005001700022008004100039020001000080082001400090100001700104245003600121260004400157300000900201500003500210505001000245650001600255902000800271942000700279952009300286952009400379952009400473999001300567nice12345678IN_TiNIC20260116011320.0050524s1910 lona grp 000 0 eng  ac10000a239bPFA1 aPfander, C G aMizanul Haqqb Balance of Truth aLondonbChurch Missionary Societyc1910 a304p aincludes index and biblioraphy2 aIndex aApologetics bSRS cBK 00104070aHMIbHMId2016-04-22g100.00l0o239 PFA1p1322r0000-00-00w2026-01-16yEB 00104070aHMIbHMId2016-04-22g100.00l0o239 PFA1p2039r0000-00-00w2026-01-16yARB 00104070aHMIbHMId2016-04-22g100.00l0o239 PFA1p6724r0000-00-00w2026-01-16yARB c436d436